Practice management guidelines (Record no. 111424)

MARC details
000 -LEADER
fixed length control field 01435cad a22002895a 4500
001 - CONTROL NUMBER
control field E151528
008 - FIXED-LENGTH DATA ELEMENTS--GENERAL INFORMATION
fixed length control field 101115s2010 xxk 000 0 eng u
020 ## - INTERNATIONAL STANDARD BOOK NUMBER
International Standard Book Number 9781842196250
035 ## - SYSTEM CONTROL NUMBER
System control number (Sirsi) u151528
041 0# - LANGUAGE CODE
Language code of text/sound track or separate title eng
050 04 - LIBRARY OF CONGRESS CALL NUMBER
Classification number 658.91 $2 18
110 2# - MAIN ENTRY--CORPORATE NAME
Corporate name or jurisdiction name as entry element Royal Institution of Chartered Surveyors
9 (RLIN) 4900
245 00 - TITLE STATEMENT
Title Practice management guidelines
Remainder of title the management of surveying businesses
Medium [electronic resource]
250 ## - EDITION STATEMENT
Edition statement 3rd ed.
260 ## - PUBLICATION, DISTRIBUTION, ETC.
Place of publication, distribution, etc. Coventry
Name of publisher, distributor, etc. RICS
Date of publication, distribution, etc. 2010
300 ## - PHYSICAL DESCRIPTION
Extent iv, 60p.
Dimensions 30cm
490 #0 - SERIES STATEMENT
Series statement RICS Guidance Note
Volume/sequential designation GN 12/2010
520 ## - SUMMARY, ETC.
Summary, etc. Focuses on the processes and procedures which practitioners will face when managing and leading a surveying practice, be it in the private or public sector. Provides advice to surveyors on various aspects of practice management, including setting the strategic direction and effective financial management and marketing, to developing effective client relationships, shaping an effective team and motivating staff in the delivery of exemplary customer service.
520 ## - SUMMARY, ETC.
Summary, etc. Supersedes second edition (1842191365)
520 ## - SUMMARY, ETC.
Summary, etc. OUT OF DATE ARCHIVED 23 DECEMBER 2016
590 ## - LOCAL NOTE (RLIN)
Local note KA
651 #4 - SUBJECT ADDED ENTRY--GEOGRAPHIC NAME
Geographic name International
690 ## - LOCAL SUBJECT ADDED ENTRY--TOPICAL TERM (OCLC, RLIN)
Topical term or geographic name as entry element MANAGEMENT-BUSINESS MANAGEMENT
856 41 - ELECTRONIC LOCATION AND ACCESS
Uniform Resource Identifier <a href="https://www.rics.org/Global/Downloads/Practice_management_guidelines_3rd_edition_PGguidance_2010.pdf">https://www.rics.org/Global/Downloads/Practice_management_guidelines_3rd_edition_PGguidance_2010.pdf</a>
Public note View the guidance free of charge at www.rics.org
942 ## - ADDED ENTRY ELEMENTS (KOHA)
Suppress in OPAC 0
Holdings
Withdrawn status Lost status Damaged status Not for loan Home library Current library Shelving location Date acquired Total Checkouts Full call number Barcode Date last seen Copy number Price effective from Koha item type Source of classification or shelving scheme
        London London RICS Boxes 15/11/2010   RICS 2010/17 30075677 27/03/2024 1 06/08/2019 Book  
        London London RICS Boxes 15/11/2010   RICS 2010/17 30075674 06/08/2019 1 06/08/2019 Archive Dewey Decimal Classification
        Virtual Virtual Online 15/11/2010   ONLINE PUBLICATION 151528-4001 06/08/2019 1 06/08/2019 Book Dewey Decimal Classification